Statistical techniques in business & economics / (Record no. 561)

000 -LEADER
fixed length control field 00683nam a22002297a 4500
001 - CONTROL NUMBER
control field 561
003 - CONTROL NUMBER IDENTIFIER
control field BD-DhUET
008 - FIXED-LENGTH DATA ELEMENTS--GENERAL INFORMATION
fixed length control field 140803b xxu||||| |||| 00| 0 eng d
020 ## - INTERNATIONAL STANDARD BOOK NUMBER
International Standard Book Number 9780070667075
040 ## - CATALOGING SOURCE
Transcribing agency 0
Modifying agency BD-DhUET
082 ## - DEWEY DECIMAL CLASSIFICATION NUMBER
Classification number 519.23
Item number LIN/2008
100 ## - MAIN ENTRY--PERSONAL NAME
Personal name Lind, Douglas A.
245 ## - TITLE STATEMENT
Title Statistical techniques in business & economics /
Statement of responsibility, etc. by Douglas A. Lind, William G. Marchal, Samuel A. Wathen
250 ## - EDITION STATEMENT
Edition statement 13th ed.
260 ## - PUBLICATION, DISTRIBUTION, ETC. (IMPRINT)
Place of publication, distribution, etc. New Delhi:
Name of publisher, distributor, etc. Tata McGraw-Hill,
Date of publication, distribution, etc. 2008.
300 ## - PHYSICAL DESCRIPTION
Extent xix,860p.
504 ## - BIBLIOGRAPHY, ETC. NOTE
Bibliography, etc With one CD-ROM (Acc.no.112988)
650 #0 - SUBJECT ADDED ENTRY--TOPICAL TERM
Topical term or geographic name as entry element Probabilities and random processes
700 ## - ADDED ENTRY--PERSONAL NAME
Personal name Marchal, William G.
700 ## - ADDED ENTRY--PERSONAL NAME
Personal name Wathen, Samuel A.
942 ## - ADDED ENTRY ELEMENTS (KOHA)
Koha item type General Book
Holdings
Koha normalized classification for sorting Date acquired Koha issues (times borrowed) Shelving location Copy number Location (home branch) Damaged status Lost status Piece designation (barcode) Koha full call number Price effective from Koha date last borrowed Sublocation or collection (holding branch) Withdrawn status Source of classification or shelving scheme Koha item type Not for loan Koha out on loan Koha date last seen
519_000000000000000_23LIN20082014-08-036Circulation section1Central Library, BUET  112096519.23/LIN/20082014-08-032023-09-10Central Library, BUET  General Book 2023-09-242023-09-10
519_000000000000000_23LIN20082014-08-038Circulation section2Central Library, BUET  112097519.23/LIN/20082014-08-032023-06-07Central Library, BUET  General Book  2023-10-30
519_000000000000000_23LIN20082014-09-296Circulation section3Central Library, BUET  112988519.23/LIN/20082014-09-292023-05-28Central Library, BUET  General Book 2024-05-272023-05-28